000 02081nam0a2200361 4500
001 RU\NLR\bibl\1817239
005 20250616155555.0
010 _a978-5-7944-1589-6
_9200
021 _aRU
_b2011-69220
_94890
035 _a(nilc)LIBNET\0000159488
035 _a(NLR Aleph) 001807815
090 _a1828365
_c1828365
100 _a20110906d2010 |||y0rusy50 ca
101 0 _arus
102 _aRU
105 _aa |||||||||
200 1 _aТрадиционная культура Пермского края
_eучебное пособие по курсам "Культурология", "Культурная антропология" для студентов высших учебных заведений, обучающихся по направлению и специальности "Филология"
_fЕ.М. Четина, И.Ю. Роготнев
_gМ-во образования и науки Рос. Федерации, Гос. образоват. учреждение высш. проф. образования "Перм. гос. ун-т"
210 _aПермь
_cРедакционно-издательский отдел Пермского государственного университета
_d2010
215 _a193 с.
_cил.
_d20
320 _aБиблиогр.: с. 179-182, в подстроч. примеч. и в тексте
606 1 _aТрадиционная культура
_jУчебные издания для высших учебных заведений
_yПермский край
_92623825
_3RU\NLR\auth\661560385
686 _a63.3(2Рос-4Пер)я7
_vLBC/M
_2rubbk
686 _a63.529(235.55)
_vLBC/M
_2rubbk
686 _aТ52(2Р36-4Пе)я73
700 1 _aЧетина
_bЕ. М.
_gЕлена Михайловна
_4070
701 1 _aРоготнев
_bИ. Ю.
_gИлья Юрьевич
_4070
801 0 _aRU
_bПермская ГОУБ
_c20110906
_grcr
801 1 _aRU
_bПермская ГОУБ
_c20110906
_grcr
_2rusmarc
801 2 _aRU
_bNLR
_c20111006
_grcr
942 _cBOOK
980 _aNB
980 _aNBR